000
00238nam a2200097Ia 4500
001
689538
005
20250826161636.0
008
250824s9999 xx 000 0 und d
245
0
_a
KALBİM SENDE KALDI
_c
BİLAL CİVELEK
260
_b
YEDİVEREN
999
_c
689538
_d
689538